00681nam a22001577a 4500003000800000005001700008008004100025040002100066082001500087110001900102245017100121260004900292300003300341504011100374650003800485BD-DhUL20200308102428.0200308s2005 xxua|||| |||| 00| 0 eng d aBD-DhULcBD-DhUL a330.9bUNC1 aUnited Nations0 aCommittee on economic, social and cultural rights : report on the thirty-second and thirty-third sessions (26 April-14 May 2004, 8-26 November 2004) /cUnited Nations aNew York :aGeneva :bUnited Nations,c2005. avi, 122 p. :bill. ; c28 cm a"Economic and Social Council, official record, 2005, supplement no. 2" Includes bibliographical references0 aEconomic situations and coditions